| 000 | 02328nam a2200433 a 4500 | ||
|---|---|---|---|
| 001 | 36814 | ||
| 003 | BD-RjUL | ||
| 005 | 20211209052539.0 | ||
| 008 | 140915s2008 nyua b 001 0 eng | ||
| 020 | _a9780815341055 (hardcover) | ||
| 020 | _a0815341059 (hardcover) | ||
| 020 | _a0815341067 (pbk.) | ||
| 020 | _a9780815341062 (pbk.) | ||
| 035 | _a(OCoLC)ocm82473851 | ||
| 040 |
_aDLC _cDLC _dBAKER _dBTCTA _dC#P _dYDXCP _dVAM _dVET _dNLGGC _dUKM _dVRC _dGZM _dMBB _dDLC _dBD-RjUL _beng |
||
| 041 | _aeng | ||
| 082 | 0 | 0 |
_a571.6 _222 |
| 245 | 0 | 0 |
_aMolecular biology of the cell / _cBruce Alberts ... [et al.] ; with problems by John Wilson, Tim Hunt. |
| 250 | _a5th ed. | ||
| 260 |
_aNew York : _bGarland Science, _cc2008. |
||
| 300 |
_a1 v. (various pagings) : _bill. (chiefly col.) ; _c28 cm. + |
||
| 504 | _aIncludes bibliographical references and index. | ||
| 505 | 0 | _aCells and genomes -- Cell chemistry and biosynthesis -- Proteins -- DNA, chromosomes, and genomes -- DNA replication, repair, and recombination -- How cells read the genome: from DNA to protein -- Control of gene expression -- Manipulating proteins, DNA, and RNA -- Visualizing cells -- Membrane structure -- Membrane transport of small molecules and the electrical properties of membranes -- Intracellular compartments and protein sorting -- Intracellular vesicular traffic -- Energy conversion: mitochondria and chloroplasts -- Mechanisms of cell communication -- The cytoskeleton -- The cell cycle -- Apoptosis -- Cell junctions, cell adhesion, and the extracellular matrix -- Cancer -- Sexual reproduction: meiosis, germ cells, and fertilization -- Development of multicellular organisms -- Specialized tissues, stem cells, and tissue renewal -- Pathogens, infection, and innate immunity -- The adaptive immune system. | |
| 505 | 0 | _aTables: The genetic code, amino acids. | |
| 650 | 0 |
_aCytology. _9112290 |
|
| 650 | 0 |
_aMolecular biology. _9112291 |
|
| 650 | 2 |
_aCells _9112292 |
|
| 650 | 2 |
_aCell Communication _934086 |
|
| 650 | 2 |
_aCell Membrane _9112293 |
|
| 650 | 2 |
_aStem Cells _934088 |
|
| 650 | 2 |
_aDNA _9112294 |
|
| 650 | 2 |
_aAmino Acids _9112295 |
|
| 650 | 2 |
_aNeoplasms _9112296 |
|
| 650 | 2 |
_aMolecular Biology _9112297 |
|
| 700 | 1 |
_aAlberts, Bruce. _934091 |
|
| 942 |
_2ddc _cBK |
||
| 999 |
_c36814 _d36814 |
||